Metodologické prístupy k meraniu veľkosti strednej triedy

Stručný prehľad spôsobov merania strednej triedy. Indexy polarizácie resp. bipolarizácie, ktoré umožňujú merať veľkosť strednej triedy.

Guardado en:
Detalles Bibliográficos
Autor principal: König, Brian, 1983-
Formato: Capítulo de libro
Lenguaje:eslovaco
Materias:
Etiquetas: Agregar Etiqueta
Sin Etiquetas, Sea el primero en etiquetar este registro!

MARC

LEADER 00000naa$a2200000$$$4500
001 0249524
005 20240502074006.1
041 0 |a slo 
044 |a SK 
245 1 0 |a Metodologické prístupy k meraniu veľkosti strednej triedy  |c Brian König 
520 |a Stručný prehľad spôsobov merania strednej triedy. Indexy polarizácie resp. bipolarizácie, ktoré umožňujú merať veľkosť strednej triedy. 
610 2 0 |a indexy 
610 2 0 |a polarizácia 
610 2 0 |a trieda stredná 
610 2 0 |a triedy a vrstvy 
610 2 0 |a meranie 
610 2 0 |a sociológia 
100 1 |a König, Brian, 1983-